000 00520nam a2200181Ia 4500
008 240729s9999 xx 000 0 und d
022 _a2055-0464
245 0 _aEcho Research and Practice
260 _aUnited Kingdom
260 _bBMC
650 _a Diseases of the circulatory (Cardiovascular) system
650 _a Internal medicine
650 _a Specialties of internal medicine
650 _aMedicine
856 _uhttps://doaj.org/toc/dcca6be9637148edab91ee13833143b8
942 _2ddc
942 _cDOAJEJ
999 _c74153
_d74153
945 _a1
_bMadushi Gamage
_c1
_dMadushi Gamage